000 00399nam a2200181Ia 4500
008 240510s9999 xx 000 0 und d
020 _a9789550201792
041 _asih
082 _a891.483
082 _bW31
100 _aWICKRAMASINGHE,MARTIN
245 0 _aSinhala Wichara Maga
260 _bRajagiriya:Sarasa Ltd
260 _c2015
300 _a191 p.
942 _2ddc
942 _cLBK
999 _c29395
_d29395
945 _a1
_bMadushi Gamage
_c1
_dMadushi Gamage